000 00653nam a2200229Ia 4500
003 OSt
005 20220925232215.0
006 a|||||r|||| 00| 0
007 ta
008 220923b |||||||| |||| 00| 0 eng d
037 _cGeneral Book
040 _aRTL
_cRTL
_beng
041 _2eng
_aeng
082 _aX9(J94).2.N68<N63r, K8
110 _aMODI INDUSTRIES LTD
_9296891
245 0 _aAnnual report & accounts,1963-64.
260 _aModinagar
_bModi Industries Ltd
_c1968
300 _a20p.
_ccm.
700 _aMODI INDUSTRIES LTD
_9296892
942 _hX9(J94).2.N68<N63r, K8
_cGB
_2CC
999 _c590658
_d590658